[Event "Montreal op"]
[Site "Montreal CAN"]
[Date "1982.09.05"]
[Round "4"]
[White "Clement, Michel"]
[Black "Filion, Claude"]
[Result "0-1"]
[WhiteElo "1474"]
[BlackElo "1625"]
[PlyCount "110"]
[GameId "2160767912848222"]
[EventDate "1982.09.04"]
[EventType "swiss"]
[EventRounds "6"]
[EventCountry "CAN"]
[SourceTitle "hb 2009.06"]

1. e4 c6 2. d4 d5 3. Nc3 Nf6 4. e5 Nfd7 5. f4 e6 6. Nf3 c5 7. Be2 Nc6 8. O-O cxd4 9. Nb5 Bc5 10. Nbxd4 Nxd4 11. Nxd4 O-O 12. Kh1 Qe7 13. Nb3 b6 14. c4 dxc4 15. Bxc4 Bb7 16. Qe2 a6 17. Nxc5 Nxc5 18. a3 b5 19. Ba2 Rad8 20. Bd2 Bd5 21. Bxd5 Rxd5 22. Bb4 Qa7 23. Rad1 Rfd8 24. Rxd5 Rxd5 25. Rd1 Rxd1+ 26. Qxd1 Qd7 27. Qd6 Qxd6 28. exd6 Nd7 29. Kg1 Kf8 30. Kf2 Ke8 31. Ke3 Nb6 32. Kd4 Kd7 33. b3 f6 34. g4 Nd5 35. Kc5 Nxb4 36. axb4 g6 37. h4 h6 38. h5 gxh5 39. gxh5 f5 40. Kd4 Kxd6 41. Ke3 e5 42. fxe5+ Kxe5 43. Kf3 f4 44. Kf2 Ke4 45. Ke2 Kf5 46. Kf3 Kg5 47. Kf2 Kxh5 48. Kf3 Kg5 49. Kf2 Kg4 50. Kg2 f3+ 51. Kf2 h5 52. Kf1 h4 53. Kg1 h3 54. Kh1 Kf4 55. Kg1 Ke3 0-1

[Event "Montreal op"]
[Site "Montreal CAN"]
[Date "1982.09.05"]
[Round "4"]
[White "Rousseau, Jean Francois1"]
[Black "Beauchamp, Jean-Pierre"]
[Result "1-0"]
[WhiteElo "2158"]
[BlackElo "2074"]
[PlyCount "87"]
[GameId "2160767912848223"]
[EventDate "1982.09.04"]
[EventType "swiss"]
[EventRounds "6"]
[EventCountry "CAN"]
[SourceTitle "EXT 2022"]
[Source "ChessBase"]
[SourceDate "2021.10.06"]
[SourceVersion "1"]
[SourceVersionDate "2021.10.06"]
[SourceQuality "1"]

1. e4 c5 2. Nf3 Nc6 3. d4 cxd4 4. Nxd4 Nf6 5. Nc3 e5 6. Ndb5 d6 7. Bg5 a6 8. Na3 b5 9. Bxf6 gxf6 10. Nd5 f5 11. exf5 Bxf5 12. c3 Bg7 13. Nc2 O-O 14. Nce3 Be6 15. g3 f5 16. Bg2 Rb8 17. O-O Qd7 18. f4 b4 19. Qa4 bxc3 20. bxc3 Rb7 21. Rab1 Rxb1 22. Rxb1 Nb8 23. Qa3 e4 24. Rb6 Rd8 25. Bf1 Bxd5 26. Nxd5 Re8 27. Qb3 Kf8 28. Rxb8 Qa7+ 29. Rb6 Rb8 30. Kg2 Rxb6 31. Qxb6 Qxb6 32. Nxb6 Bxc3 33. Bxa6 Bd4 34. Nd5 Kf7 35. Bc8 Kg6 36. Ne7+ Kf6 37. Nxf5 Bc5 38. g4 d5 39. g5+ Kf7 40. Ng3 Be3 41. f5 Ke7 42. Bb7 Kd6 43. g6 Bd4 44. Nh5 1-0

[Event "Montreal op"]
[Site "Montreal CAN"]
[Date "1982.09.06"]
[Round "5"]
[White "Raymond, Paul-Andre"]
[Black "Clement, Michel"]
[Result "0-1"]
[WhiteElo "1585"]
[BlackElo "1476"]
[PlyCount "100"]
[GameId "2160767912848224"]
[EventDate "1982.09.04"]
[EventType "swiss"]
[EventRounds "6"]
[EventCountry "CAN"]
[SourceTitle "hb 2009.06"]

1. Nf3 Nf6 2. g3 g6 3. Bg2 Bg7 4. O-O O-O 5. c3 d5 6. d4 c6 7. Bg5 Nbd7 8. Qd2 Ne4 9. Qd3 Nxg5 10. Nxg5 e5 11. Nh3 e4 12. Qc2 Nf6 13. e3 Bf5 14. Nf4 h5 15. c4 Rc8 16. Nc3 Qd7 17. Qa4 g5 18. Nfe2 a6 19. cxd5 cxd5 20. Qxd7 Bxd7 21. Rfc1 Rc7 22. Nxe4 Rxc1+ 23. Rxc1 dxe4 24. Rc5 g4 25. Nf4 Rc8 26. Bf1 Rxc5 27. dxc5 Bf8 28. b4 Be7 29. Bc4 Kg7 30. Kf1 Bb5 31. Bxb5 axb5 32. Ne2 Nd5 33. a3 Bf6 34. Nd4 Bxd4 35. exd4 Nc3 36. Ke1 Nb1 37. d5 Kf8 38. c6 bxc6 39. dxc6 Ke7 40. Ke2 Kd6 41. Ke3 Kxc6 42. Kxe4 Nxa3 43. Kf5 Nc2 44. Kg5 Nxb4 45. Kxh5 Nd3 46. Kxg4 b4 47. h4 b3 48. h5 b2 49. h6 b1=Q 50. h7 Nxf2+ 0-1

[Event "Montreal op"]
[Site "Montreal CAN"]
[Date "1982.09.06"]
[Round "5"]
[White "Spraggett, Kevin"]
[Black "Rousseau, Jean Francois1"]
[Result "1-0"]
[WhiteElo "2535"]
[BlackElo "2158"]
[PlyCount "55"]
[GameId "2160767912848225"]
[EventDate "1982.09.04"]
[EventType "swiss"]
[EventRounds "6"]
[EventCountry "CAN"]
[SourceTitle "EXT 2022"]
[Source "ChessBase"]
[SourceDate "2021.10.06"]
[SourceVersion "1"]
[SourceVersionDate "2021.10.06"]
[SourceQuality "1"]

1. e4 e5 2. Nf3 Nc6 3. Bb5 a6 4. Ba4 d6 5. Bxc6+ bxc6 6. d4 exd4 7. Qxd4 c5 8. Qd3 Nf6 9. O-O Be7 10. c4 O-O 11. Nc3 Rb8 12. b3 Bb7 13. Bd2 Re8 14. Rae1 Nd7 15. Re2 Bf6 16. Rfe1 Ne5 17. Nxe5 Bxe5 18. Nd5 Qd7 19. Ba5 Rbc8 20. g3 Bd4 21. Kg2 Re5 22. f4 Ree8 23. h3 Bxd5 24. exd5 c6 25. Rxe8+ Rxe8 26. Qf5 Qc8 27. Qxc8 Rxc8 28. dxc6 1-0

[Event "Montreal-ch classe"]
[Site "Montreal CAN"]
[Date "1982.12.03"]
[Round "1"]
[White "Girouard, Michel"]
[Black "Morin, Louis"]
[Result "1-0"]
[WhiteElo "1745"]
[BlackElo "1940"]
[PlyCount "59"]
[GameId "2160767912811164"]
[EventDate "1982.12.03"]
[EventType "swiss"]
[EventRounds "5"]
[EventCountry "CAN"]
[SourceTitle "hb 2013"]

1. e4 d5 2. exd5 Nf6 3. c4 c6 4. dxc6 Nxc6 5. d3 e5 6. Bg5 Bf5 7. Nc3 Bc5 8. Nf3 O-O 9. Qd2 Re8 10. O-O-O Qa5 11. Bxf6 gxf6 12. Nh4 Be6 13. g4 Rad8 14. Qh6 Bf8 15. Qxf6 Bg7 16. Qg5 Rd4 17. Nf5 Bxf5 18. gxf5 f6 19. Qg3 Kh8 20. Bg2 Rg8 21. Kb1 Bf8 22. Qh3 Qb6 23. Bd5 Rgg4 24. Rhg1 Rxg1 25. Rxg1 Bg7 26. Ne4 Ne7 27. Qg3 Nxf5 28. Qg4 Rxd3 29. Qxf5 Qd4 30. Qc8+ 1-0

[Event "Montreal-ch classe"]
[Site "Montreal CAN"]
[Date "1982.12.03"]
[Round "1"]
[White "Szczepara, Marek"]
[Black "Trudel, Claude"]
[Result "1-0"]
[WhiteElo "1833"]
[BlackElo "1610"]
[PlyCount "53"]
[GameId "2160767912811165"]
[EventDate "1982.12.03"]
[EventType "swiss"]
[EventRounds "5"]
[EventCountry "CAN"]
[SourceTitle "EXT 2022"]
[Source "ChessBase"]
[SourceDate "2021.10.06"]
[SourceVersion "1"]
[SourceVersionDate "2021.10.06"]
[SourceQuality "1"]

1. d4 d5 2. c4 Nf6 3. Nc3 e6 4. Bg5 Be7 5. e3 Nc6 6. Nf3 Bd7 7. Rc1 O-O 8. Bd3 h6 9. Bf4 Nb4 10. Bb1 dxc4 11. a3 Nbd5 12. Be5 c6 13. Qc2 g6 14. Ne2 b5 15. Nh4 Be8 16. e4 Nxe4 17. Nxg6 Qa5+ 18. Nc3 fxg6 19. Qxe4 Bxa3 20. Qg4 Bxb2 21. Bxg6 Bxc3+ 22. Kd1 Nf6 23. Bh7+ Kxh7 24. Qxe6 Rd8 25. g4 Bxd4 26. Bd6 Bf7 27. Qf5+ 1-0

[Event "Montreal-ch classe"]
[Site "Montreal CAN"]
[Date "1982.12.04"]
[Round "2"]
[White "Morin, Louis"]
[Black "Alain, Benoit"]
[Result "1-0"]
[WhiteElo "1940"]
[BlackElo "1876"]
[PlyCount "59"]
[GameId "2160767912811167"]
[EventDate "1982.12.03"]
[EventType "swiss"]
[EventRounds "5"]
[EventCountry "CAN"]
[SourceTitle "hb 2013"]

1. e4 c6 2. d4 d5 3. Nc3 g6 4. h4 Bg7 5. Be3 h5 6. f3 dxe4 7. fxe4 Nf6 8. Nf3 Qc7 9. Qd2 O-O 10. O-O-O b5 11. Bd3 Nbd7 12. e5 b4 13. Ne4 Nd5 14. e6 fxe6 15. Nfg5 N7f6 16. Nc5 Qa5 17. Kb1 Rb8 18. Nb3 Qa4 19. Bxg6 Ng4 20. Bg1 Nf4 21. Bf7+ Rxf7 22. Nxf7 Nd5 23. Ng5 e5 24. dxe5 Nxe5 25. Qf2 Rb6 26. Bh2 Be6 27. Nxe6 Nc4 28. Qg3 Na3+ 29. Kc1 Kf7 30. Qxg7+ 1-0

[Event "Montreal-ch classe"]
[Site "Montreal CAN"]
[Date "1982.12.04"]
[Round "3"]
[White "Morin, Louis"]
[Black "Roy, Guy"]
[Result "0-1"]
[WhiteElo "1940"]
[BlackElo "1977"]
[PlyCount "64"]
[GameId "2160767912811169"]
[EventDate "1982.12.03"]
[EventType "swiss"]
[EventRounds "5"]
[EventCountry "CAN"]
[SourceTitle "hb 2013"]

1. e4 d5 2. exd5 Nf6 3. c4 c6 4. d4 cxd5 5. c5 Nc6 6. Nf3 Bg4 7. Be2 g6 8. h3 Bf5 9. O-O Bg7 10. a3 a5 11. Nc3 O-O 12. Bf4 Ne4 13. Na4 g5 14. Bh2 h5 15. Nb6 Ra7 16. Bb5 g4 17. Nh4 e6 18. Nxf5 exf5 19. Bxc6 bxc6 20. hxg4 hxg4 21. Bf4 Qh4 22. Qd3 Bf6 23. Rad1 Kg7 24. Bg3 Qh7 25. Rfe1 Rh8 26. Kf1 Re7 27. Re3 Qh1+ 28. Ke2 Nxg3+ 29. Kd2 Rxe3 30. Qxe3 Nf1+ 31. Rxf1 Qxf1 32. Nd7 Rh1 0-1

[Event "Montreal-ch classe"]
[Site "Montreal CAN"]
[Date "1982.12.05"]
[Round "4"]
[White "Balla, Thomas"]
[Black "Morin, Louis"]
[Result "1-0"]
[WhiteElo "1879"]
[BlackElo "1940"]
[PlyCount "87"]
[GameId "2160767912811170"]
[EventDate "1982.12.03"]
[EventType "swiss"]
[EventRounds "5"]
[EventCountry "CAN"]
[SourceTitle "hb 2013"]

1. d4 Nf6 2. c4 e6 3. Nf3 d5 4. Nc3 Be7 5. Bg5 Nbd7 6. cxd5 exd5 7. Qc2 O-O 8. e3 Re8 9. Bd3 Nf8 10. O-O c6 11. a3 Ng6 12. b4 a6 13. Na4 Ne4 14. Bxe7 Qxe7 15. Nc5 Bg4 16. Nd2 Nxd2 17. Qxd2 Nh4 18. f3 Qxe3+ 19. Qxe3 Rxe3 20. Rae1 Rxe1 21. Rxe1 Bxf3 22. Nxb7 Bxg2 23. Kf2 g5 24. Na5 Bh3 25. Nxc6 Ng6 26. Bxg6 hxg6 27. Ne7+ Kg7 28. Nxd5 Rd8 29. Nc7 Rxd4 30. Nxa6 Rd2+ 31. Re2 Rxe2+ 32. Kxe2 Kf6 33. b5 Ke5 34. b6 Bc8 35. Nc5 Kd6 36. b7 Bg4+ 37. Ke3 Kc7 38. a4 Be6 39. Nxe6+ fxe6 40. Ke4 Kxb7 41. Ke5 Ka6 42. Kxe6 Ka5 43. Kf6 Kxa4 44. Kxg5 1-0

[Event "Montreal-ch classe"]
[Site "Montreal CAN"]
[Date "1982.12.05"]
[Round "5"]
[White "Morin, Louis"]
[Black "Forest, Charles"]
[Result "1-0"]
[WhiteElo "1940"]
[BlackElo "1740"]
[PlyCount "77"]
[GameId "2160767912811172"]
[EventDate "1982.12.03"]
[EventType "swiss"]
[EventRounds "5"]
[EventCountry "CAN"]
[SourceTitle "hb 2013"]

1. e4 d6 2. d4 Nf6 3. Nc3 g6 4. f4 Bg7 5. Nf3 O-O 6. Bd3 Bg4 7. O-O Nc6 8. Be3 e5 9. fxe5 dxe5 10. d5 Ne7 11. h3 Bxf3 12. Qxf3 Ne8 13. g4 Nd6 14. Qg3 Qd7 15. Rf3 f6 16. Raf1 Rf7 17. h4 Raf8 18. h5 gxh5 19. gxh5 Kh8 20. Kh2 Rg8 21. Qh3 Qxh3+ 22. Kxh3 h6 23. Nb5 Nec8 24. Nxd6 Nxd6 25. c4 f5 26. c5 fxe4 27. Rxf7 Nxf7 28. Bxe4 Rf8 29. Kg4 Nd8 30. Rxf8+ Bxf8 31. Kf5 Kg8 32. Kg6 Nf7 33. b4 b6 34. a4 a5 35. bxa5 bxa5 36. Bf5 Nd8 37. c6 Kh8 38. Bf2 Kg8 39. Bh4 1-0

[Event "Montreal-ch classe"]
[Site "Montreal CAN"]
[Date "1982.12.05"]
[Round "5"]
[White "Trudel, Claude"]
[Black "Di Cecco, Giovanni"]
[Result "1-0"]
[WhiteElo "1610"]
[BlackElo "1521"]
[PlyCount "53"]
[GameId "2160767912811173"]
[EventDate "1982.12.03"]
[EventType "swiss"]
[EventRounds "5"]
[EventCountry "CAN"]

1. e4 e6 2. d4 d5 3. exd5 Qxd5 4. Nc3 Bb4 5. Nf3 Nf6 6. Bd2 Bxc3 7. Bxc3 Nc6 8. Be2 Bd7 9. O-O O-O-O 10. b3 Ne4 11. Bb2 f5 12. c4 Qd6 13. a4 Rhe8 14. Ba3 Qf4 15. Bc1 Qd6 16. d5 exd5 17. cxd5 Nb4 18. Bc4 Qf6 19. Ba3 a5 20. Rc1 Na2 21. Rc2 Nac3 22. Qd3 Be6 23. Bb2 Bxd5 24. Bxc3 Nxc3 25. Qxc3 Qxc3 26. Rxc3 Be4 27. Ng5 1-0

[Event "North Bay Quads"]
[Site "North Bay CAN"]
[Date "1982.08.28"]
[Round "?"]
[White "Gaumond, Robert"]
[Black "Fletcher, John2"]
[Result "1-0"]
[WhiteElo "1583"]
[BlackElo "1467"]
[PlyCount "73"]
[GameId "2160767912848235"]
[EventDate "1982.08.28"]
[EventType "tourn"]
[EventRounds "3"]
[EventCountry "CAN"]
[SourceTitle "CFC 1982.11"]

1. e4 e5 2. Nf3 Nc6 3. Bb5 a6 4. Ba4 Nf6 5. O-O Be7 6. Re1 b5 7. Bb3 O-O 8. c3 d5 9. Bc2 Bg4 10. d3 d4 11. h3 Bc8 12. Nbd2 Nh5 13. Nxe5 Nxe5 14. Qxh5 dxc3 15. Qxe5 Bf6 16. Qc5 cxb2 17. Bxb2 Bxb2 18. Rab1 Bd4 19. Qh5 Bc3 20. Red1 Qd6 21. Nf3 g6 22. Qh6 Bg7 23. Qe3 c5 24. a4 Bd7 25. axb5 axb5 26. d4 c4 27. d5 Ra3 28. Qe1 Rfa8 29. e5 Qc5 30. e6 fxe6 31. dxe6 Bc6 32. Rd7 Bxd7 33. exd7 Rd8 34. Qe6+ Kf8 35. Re1 Raa8 36. h4 b4 37. Ng5 1-0

[Event "Olympic"]
[Site "Ottawa CAN"]
[Date "1982.06.13"]
[Round "1"]
[White "Berry, Jonathan"]
[Black "Veltmann, Martin"]
[Result "1-0"]
[WhiteElo "2243"]
[BlackElo "1864"]
[PlyCount "98"]
[GameId "2160767912848460"]
[EventDate "1982.06.13"]
[EventType "tourn"]
[EventRounds "5"]
[EventCountry "CAN"]

1. e4 c5 2. a3 e6 3. b4 cxb4 4. axb4 Bxb4 5. c3 Be7 6. d4 d6 7. Bd3 Nf6 8. Ne2 O-O 9. O-O e5 10. Nd2 Nc6 11. f4 exd4 12. cxd4 Bd7 13. Qb3 Qb6 14. Qxb6 axb6 15. Rb1 Bd8 16. d5 Na5 17. Bb2 Bg4 18. Ng3 Re8 19. Bd4 Rc8 20. f5 Nh5 21. Nh1 Bg5 22. Nb3 Nf4 23. Nxa5 bxa5 24. Rxf4 Bxf4 25. Nf2 Bxf5 26. exf5 Rc1+ 27. Rxc1 Bxc1 28. Ne4 Ba3 29. Kf2 Rc8 30. Be3 f6 31. Bf4 Rd8 32. Ke2 Kf7 33. Kd2 Ke7 34. Kc3 Rc8+ 35. Kb3 Bb4 36. Ka4 g5 37. Be3 h6 38. Bd4 Rf8 39. Be2 Be1 40. Kb5 Bb4 41. Bd1 Rc8 42. Bxf6+ Kf8 43. Bb2 b6 44. f6 Bc5 45. Bg4 Rc7 46. Be6 a4 47. Kxa4 Ra7+ 48. Kb3 b5 49. Nxc5 dxc5 1-0

[Event "Olympic"]
[Site "Ottawa CAN"]
[Date "1982.06.13"]
[Round "2"]
[White "Veltmann, Martin"]
[Black "Chobanov, Gabriel"]
[Result "0-1"]
[WhiteElo "1864"]
[BlackElo "1834"]
[PlyCount "71"]
[GameId "2160767912848461"]
[EventDate "1982.06.13"]
[EventType "tourn"]
[EventRounds "5"]
[EventCountry "CAN"]

1. e4 c6 2. d4 d5 3. Nc3 dxe4 4. Nxe4 Bf5 5. Ng3 Bg6 6. f4 e6 7. Nf3 Bd6 8. Bd3 Ne7 9. O-O O-O 10. c4 Na6 11. Be3 Re8 12. Ne5 Bxd3 13. Qxd3 c5 14. Rad1 Qc7 15. Ne4 Nb4 16. Qe2 Bxe5 17. dxe5 b6 18. Nd6 Red8 19. a3 Nbc6 20. Qh5 g6 21. Qh6 Nf5 22. Nxf5 exf5 23. Rxd8+ Rxd8 24. g4 Qd7 25. Qg5 Nd4 26. gxf5 Nxf5 27. Bf2 Qe7 28. Qg2 Rd2 29. Rb1 Kg7 30. b4 cxb4 31. axb4 Qd7 32. Qf3 Nd4 33. Qe4 Qg4+ 34. Kf1 Qh3+ 35. Qg2 Qd3+ 36. Kg1 0-1

[Event "Olympic"]
[Site "Ottawa CAN"]
[Date "1982.06.13"]
[Round "3"]
[White "Julien, Bradley"]
[Black "Veltmann, Martin"]
[Result "0-1"]
[WhiteElo "1683"]
[BlackElo "1864"]
[PlyCount "76"]
[GameId "2160767912848462"]
[EventDate "1982.06.13"]
[EventType "tourn"]
[EventRounds "5"]
[EventCountry "CAN"]

1. Nf3 c5 2. g3 g6 3. Bg2 Bg7 4. O-O Nc6 5. c4 e6 6. d3 Nge7 7. Nc3 O-O 8. Rb1 d5 9. cxd5 exd5 10. Bf4 a6 11. Qd2 Re8 12. h3 b5 13. a3 Ra7 14. b4 c4 15. Rfd1 Rd7 16. g4 Bb7 17. dxc4 d4 18. Ne4 bxc4 19. Nc5 c3 20. Qc2 Nd5 21. Bg5 f6 22. Nxd7 fxg5 23. Nc5 Ba8 24. Nxa6 Nf4 25. Bf1 Kh8 26. b5 Na5 27. Nxd4 Bxd4 28. Rxd4 Qxd4 29. Rd1 Qe5 30. e3 Be4 31. Qa4 c2 32. Rc1 Qb2 33. exf4 Qxc1 34. Qd4+ Kg8 35. Qc3 Qxf4 36. Bc4+ Nxc4 37. Qxc4+ Qf7 38. Qc3 Rd8 0-1

[Event "Ontario op"]
[Site "Ottawa CAN"]
[Date "1982.05.22"]
[Round "1"]
[White "Dumontelle, Joseph"]
[Black "Cohen, David"]
[Result "0-1"]
[WhiteElo "1776"]
[BlackElo "1596"]
[PlyCount "94"]
[GameId "2160767912848516"]
[EventDate "1982.05.22"]
[EventType "swiss"]
[EventRounds "6"]
[EventCountry "CAN"]

1. Nc3 Nf6 2. e4 d6 3. f4 e5 4. Nf3 Bg4 5. h3 Bxf3 6. Qxf3 c6 7. a4 Nbd7 8. Bc4 Qb6 9. a5 Qd4 10. Ra4 Qc5 11. d3 exf4 12. Qxf4 b5 13. axb6 Qxb6 14. Be3 Qxb2 15. Kd2 Qb7 16. Rb1 Qc7 17. g4 Ne5 18. Ba2 Be7 19. Qf2 O-O 20. Bxa7 Nfd7 21. Be3 Rxa4 22. Nxa4 Qa5+ 23. Nc3 Ng6 24. d4 Nf6 25. Kd3 d5 26. exd5 cxd5 27. Bd2 Ne4 28. Qe1 Nxc3 29. Bb3 Bb4 30. Bxc3 Nf4+ 31. Ke3 Ng2+ 32. Kf2 Nxe1 33. Bxb4 Qxb4 34. Rxe1 Qxd4+ 35. Kg2 Qd2+ 36. Kf1 g6 37. Re2 Qd1+ 38. Kf2 Kg7 39. Re3 Qd4 40. Ke2 Qb2 41. Kd2 Rd8 42. Rd3 f5 43. Bxd5 fxg4 44. hxg4 Qb4+ 45. Kc1 Qxg4 46. c4 Qc8 47. Kd2 h5 0-1

[Event "Ontario op"]
[Site "Ottawa CAN"]
[Date "1982.05.22"]
[Round "1"]
[White "Spraggett, Kevin"]
[Black "Veltmann, Martin"]
[Result "1-0"]
[WhiteElo "2536"]
[BlackElo "1864"]
[PlyCount "91"]
[GameId "2160767912848517"]
[EventDate "1982.05.22"]
[EventType "swiss"]
[EventRounds "6"]
[EventCountry "CAN"]
[SourceTitle "mv"]

1. d4 g6 2. c4 Bg7 3. Nc3 Nf6 4. e4 O-O 5. Be2 d6 6. Bg5 h6 7. Be3 e5 8. d5 a5 9. Qd2 Kh7 10. h4 Ng4 11. Bxg4 Bxg4 12. h5 g5 13. f3 Bd7 14. g4 Na6 15. Nge2 Qb8 16. Kf2 Nc5 17. b3 b5 18. cxb5 Bxb5 19. Bxc5 dxc5 20. Nxb5 Qxb5 21. Rhc1 Rfe8 22. Rc4 Bf8 23. Nc3 Qb7 24. Na4 c6 25. dxc6 Qxc6 26. Rd1 Rad8 27. Qxd8 Rxd8 28. Rxd8 Be7 29. Rd3 Kg7 30. Kg2 Kf8 31. Rd5 f6 32. Nxc5 Bxc5 33. Rdxc5 Qa6 34. Rc8+ Ke7 35. R8c6 Qb5 36. Kf2 a4 37. b4 a3 38. Rc7+ Kd6 39. R7c5 Qb6 40. b5 Ke7 41. Ke2 Qa5 42. b6 Qxb6 43. Rc7+ Kd6 44. R4c6+ Qxc6 45. Rxc6+ Kxc6 46. Kd3 1-0

[Event "Ontario op"]
[Site "Ottawa CAN"]
[Date "1982.05.22"]
[Round "2"]
[White "Cohen, David"]
[Black "Tolgyesy, Ivan"]
[Result "1-0"]
[WhiteElo "1596"]
[BlackElo "1724"]
[PlyCount "85"]
[GameId "2160767912848518"]
[EventDate "1982.05.22"]
[EventType "swiss"]
[EventRounds "6"]
[EventCountry "CAN"]

1. g4 g6 2. Bg2 Bg7 3. c4 d6 4. h3 e5 5. d3 Ne7 6. Nf3 Nbc6 7. Nc3 Rb8 8. a3 a6 9. e3 O-O 10. b4 e4 11. Nd4 Nxd4 12. exd4 Bxd4 13. Bb2 exd3 14. Qxd3 c5 15. Rb1 Qd7 16. Ne4 Bxb2 17. Rxb2 f5 18. Qxd6 Qxd6 19. Nxd6 cxb4 20. Rxb4 fxg4 21. Nxc8 Nxc8 22. Bd5+ Kg7 23. Rxb7+ Rxb7 24. Bxb7 a5 25. hxg4 Nd6 26. Bd5 Re8+ 27. Kf1 Ne4 28. Kg2 Nf6 29. Kg3 Rb8 30. Re1 Rb3+ 31. Re3 Rxe3+ 32. fxe3 g5 33. e4 Nd7 34. Be6 Nc5 35. Bf5 Nd3 36. Kf3 Ne5+ 37. Ke3 Nxc4+ 38. Kd4 Nxa3 39. Kc5 h6 40. e5 Kf7 41. Bd3 Ke6 42. Kd4 a4 43. Ke4 1-0

[Event "Ontario op"]
[Site "Ottawa CAN"]
[Date "1982.05.22"]
[Round "2"]
[White "Maisonneuve, Jude"]
[Black "Kurtz, Murray"]
[Result "1-0"]
[WhiteElo "1762"]
[BlackElo "1908"]
[PlyCount "113"]
[GameId "2160767912848520"]
[EventDate "1982.05.22"]
[EventType "swiss"]
[EventRounds "6"]
[EventCountry "CAN"]
[SourceTitle "Matou #17"]

1. d4 Nf6 2. c4 g6 3. Nc3 Bg7 4. e4 d6 5. f3 O-O 6. Be3 Nc6 7. Bd3 e5 8. d5 Nd4 9. Nge2 c5 10. dxc6 Nxc6 11. Rc1 Be6 12. O-O Nh5 13. Nd5 f5 14. Qd2 f4 15. Bf2 g5 16. h3 Nf6 17. b4 Rf7 18. b5 Ne7 19. Rc2 h5 20. Rfc1 b6 21. a4 g4 22. hxg4 hxg4 23. Kf1 Nh7 24. a5 Rb8 25. Ra2 Ng5 26. Ng1 g3 27. Bxb6 axb6 28. Nxb6 Rxb6 29. axb6 Qxb6 30. c5 dxc5 31. Ra6 Qc7 32. Bc4 Qc8 33. Bxe6 Nxe6 34. Qd6 Nd4 35. Rxc5 Qb7 36. Rb6 Qa7 37. Qb8+ Qxb8 38. Rxb8+ Rf8 39. Rxf8+ Kxf8 40. b6 Ndc6 41. Ke2 Ke8 42. Kd3 Kd7 43. Kc4 Kc8 44. Ne2 Kb7 45. Kb5 Bf8 46. Rc1 Bg7 47. Rd1 Nb8 48. Nc1 Nc8 49. Nb3 Nxb6 50. Nc5+ Kc7 51. Ne6+ Kb7 52. Nxg7 N8d7 53. Rd6 Kc7 54. Ne8+ Kd8 55. Rxb6 Kxe8 56. Rb7 Nf6 57. Kc6 1-0

[Event "Ontario op"]
[Site "Ottawa CAN"]
[Date "1982.05.22"]
[Round "2"]
[White "Veltmann, Martin"]
[Black "Edwards, Jeff"]
[Result "1-0"]
[WhiteElo "1864"]
[BlackElo "1537"]
[PlyCount "49"]
[GameId "2160767912848521"]
[EventDate "1982.05.22"]
[EventType "swiss"]
[EventRounds "6"]
[EventCountry "CAN"]
[SourceTitle "mv"]

1. e4 c5 2. Nc3 Nc6 3. f4 d6 4. Nf3 g6 5. d3 Bg7 6. g3 e6 7. Bg2 Nge7 8. O-O O-O 9. g4 Nd4 10. Nxd4 Bxd4+ 11. Kh1 Bd7 12. Ne2 Bg7 13. Ng3 d5 14. f5 dxe4 15. f6 Bxf6 16. Rxf6 Nf5 17. Nxe4 Bc6 18. Rxf5 exf5 19. gxf5 Bxe4 20. Bxe4 Re8 21. Bd2 Qh4 22. Qf3 Re7 23. Bc3 g5 24. Rg1 h5 25. Bf6 1-0

[Event "Ontario op"]
[Site "Ottawa CAN"]
[Date "1982.05.22"]
[Round "2"]
[White "Zimninski, Nick"]
[Black "Laurin, Marcel"]
[Result "0-1"]
[WhiteElo "1907"]
[BlackElo "1690"]
[PlyCount "120"]
[GameId "2160767912848522"]
[EventDate "1982.05.22"]
[EventType "swiss"]
[EventRounds "6"]
[EventCountry "CAN"]
[SourceTitle "Matou #17"]

1. d4 Nf6 2. e3 g6 3. Bd3 Bg7 4. e4 O-O 5. Nf3 d6 6. Bg5 Bg4 7. Nbd2 Nc6 8. c3 Nd7 9. h3 Bxf3 10. Nxf3 f6 11. Be3 e5 12. Qb3+ Kh8 13. Qxb7 Ne7 14. Qb3 f5 15. dxe5 Nxe5 16. Nxe5 Bxe5 17. Bh6 Bg7 18. Bxg7+ Kxg7 19. O-O Rb8 20. Qc2 f4 21. f3 Nc6 22. Rfe1 Ne5 23. b3 Qg5 24. Bf1 Nxf3+ 25. Kh1 Nxe1 26. Rxe1 Qg3 27. Qd2 Rbe8 28. Qe2 f3 29. Qe3 fxg2+ 30. Bxg2 Qxe3 31. Rxe3 Rf2 32. a4 Re5 33. Kg1 Rb2 34. Rg3 Rxb3 35. Kf2 Ra3 36. h4 Rxa4 37. Ke3 a5 38. Bf3 Ra3 39. Kd4 Ra4+ 40. Kd3 Ra1 41. h5 g5 42. Bg4 h6 43. Rf3 a4 44. Bf5 a3 45. Rf2 a2 46. Kc4 Rc5+ 47. Kb3 Rb5+ 48. Kc4 Re5 49. Bg6 Re7 50. Kb3 c5 51. Kb2 Rc1 52. Kxa2 Rb7 53. Rf3 Rc2+ 54. Ka1 Rcb2 55. Rd3 R2b6 56. Rd2 Ra7+ 57. Ra2 Rxa2+ 58. Kxa2 Kf6 59. Bf5 Ke5 60. Ka3 d5 0-1

[Event "Ontario op"]
[Site "Ottawa CAN"]
[Date "1982.05.23"]
[Round "3"]
[White "Laurin, Marcel"]
[Black "Veltmann, Martin"]
[Result "1-0"]
[WhiteElo "1690"]
[BlackElo "1864"]
[PlyCount "92"]
[GameId "2160767912848524"]
[EventDate "1982.05.22"]
[EventType "swiss"]
[EventRounds "6"]
[EventCountry "CAN"]
[SourceTitle "mv"]

1. d4 Nf6 2. Nf3 g6 3. g3 Bg7 4. Bg2 O-O 5. Nbd2 d5 6. c3 c5 7. e3 b6 8. O-O Nbd7 9. c4 Bb7 10. Ne5 cxd4 11. exd4 Qc7 12. Nxd7 Qxd7 13. b3 Rac8 14. Nf3 e6 15. Ne5 Qe7 16. a4 Rfd8 17. Ba3 Qe8 18. Rc1 Bf8 19. c5 bxc5 20. dxc5 Ne4 21. b4 a5 22. c6 Bxc6 23. Nxc6 Rxc6 24. b5 Rxc1 25. Bxc1 Nc3 26. Qb3 Rc8 27. Bb2 Bb4 28. Kh1 Qd7 29. Rc1 Ne4 30. Rxc8+ Qxc8 31. Bxe4 dxe4 32. Qe3 Qc4 33. Kg2 Qd5 34. Qd4 Kf8 35. Qxd5 exd5 36. b6 Ke8 37. Be5 Bc5 38. b7 Ba7 39. b8=Q+ Bxb8 40. Bxb8 Kd7 41. Be5 Kc6 42. Bd4 g5 43. g4 h6 44. f3 exf3+ 45. Kxf3 Kb7 46. Bg7 Kc6 1-0

[Event "Ontario op"]
[Site "Ottawa CAN"]
[Date "1982.05.23"]
[Round "3"]
[White "Medvidovic, Tony"]
[Black "Cohen, David"]
[Result "0-1"]
[WhiteElo "1716"]
[BlackElo "1596"]
[PlyCount "88"]
[GameId "2160767912848525"]
[EventDate "1982.05.22"]
[EventType "swiss"]
[EventRounds "6"]
[EventCountry "CAN"]

1. e4 g6 2. d4 d6 3. Bc4 Bg7 4. Qf3 e6 5. d5 Qe7 6. Nc3 Nd7 7. Nh3 Ne5 8. Qe2 c6 9. dxc6 Nxc6 10. Be3 Nf6 11. Rd1 O-O 12. O-O Rd8 13. f4 b6 14. f5 exf5 15. exf5 Bxf5 16. Rxf5 gxf5 17. Nd5 Nxd5 18. Bxd5 Rac8 19. c3 Re8 20. Bxc6 Rxc6 21. Rd3 Bh6 22. Kf2 Rc5 23. Qf3 Bxe3+ 24. Rxe3 Qxe3+ 25. Qxe3 Rxe3 26. Kxe3 Ra5 27. a3 Rb5 28. b4 a5 29. Ng5 Re5+ 30. Kf3 Kg7 31. h4 Re1 32. Kf4 Ra1 33. bxa5 bxa5 34. Kxf5 Rxa3 35. Ne4 d5 36. Nd6 Rxc3 37. Ne8+ Kf8 38. Nf6 a4 39. Nxh7+ Ke7 40. h5 Rc6 41. g4 a3 42. g5 a2 43. Nf6 Rxf6+ 44. gxf6+ Kf8 0-1